000 00223nam a22000857a 4500
008 170622b xxu||||| |||| 00| 0 eng d
100 _93639
_aDas. A
245 _aHome science class XI
260 _aNew Delhi
_bArya publication
_c2008
999 _c7033
_d7033